| 000 | 00532nam a2200181 a 4500 | ||
|---|---|---|---|
| 001 | 23118 | ||
| 003 | CO-ViMGA | ||
| 008 | 141112s2004 ck r 000 u spa d | ||
| 020 | _a \ 9789588378893 | ||
| 040 |
_aCO-ViMGA _bspa _cCO-ViMGA |
||
| 082 | 0 | 4 | _a611.018 C334m |
| 100 | 1 |
_aCediel , Juan Fernando _933280 |
|
| 245 | 1 | 0 |
_aManual de histologĂa : _btejidos fundamentales |
| 260 |
_aColombia : _bUniversidad del Rosario |
||
| 300 | _a364 p. + CD - Rom | ||
| 650 | 1 | 4 |
_aHISTOLOGIA - MANUALES DE LABORATORIO _933281 |
| 942 |
_2ddc _cBK |
||
| 999 |
_c31383 _d31383 |
||